Nociones de gramática histórica española

Uloženo v:
Podrobná bibliografie
Hlavní autor: Gili Gaya, Samuel
Médium: Kniha
Jazyk:Undetermined
Vydáno: Barcelona 1966
Vydání:6
Témata:
Tagy: Přidat tag
Žádné tagy, Buďte první, kdo vytvoří štítek k tomuto záznamu!

MARC

LEADER 00000nam a2200000Ia 4500
008 170316s9999 xx 000 0 und d
090 |a 415-E G-5n 
100 |a Gili Gaya, Samuel 
245 |a Nociones de gramática histórica española 
250 |a 6 
260 |a Barcelona 
260 |c 1966 
300 |a 99 páginas 
650 |a GRAMÁTICA ESPAÑOLA 
999 |c 18971  |d 18971 
040 |a cru BVZT 
942 |c 15 D  |h 415-E G-5n  |2 z